| 000 | 00596 a2200169 4500 | ||
|---|---|---|---|
| 020 | _a0470015233 | ||
| 020 | _a9780470015230 | ||
| 082 | _a621.38215015192 | ||
| 090 |
_c1498 _d1498 |
||
| 100 | 1 | _aMandjes, Michel. | |
| 245 | 1 | 0 |
_aLarge deviations for gaussian queues : _bmodelling communication networks / _cMichel Mandjes. |
| 250 | _a1st ed. | ||
| 260 |
_a[S.l.] : _bWiley, _c2007. |
||
| 300 |
_a336 p. ; _c24 cm. |
||
| 942 |
_aSNS _cBK _k621.38215015192 MAN |
||
| 999 |
_c192751 _d192751 |
||